<?xml version="1.0" encoding="UTF-8"?>
<record
    xmlns:xsi="http://www.w3.org/2001/XMLSchema-instance"
    xsi:schemaLocation="http://www.loc.gov/MARC21/slim http://www.loc.gov/standards/marcxml/schema/MARC21slim.xsd"
    xmlns="http://www.loc.gov/MARC21/slim">

  <leader>01096nab a2200301 uc4500</leader>
  <controlfield tag="001">782523</controlfield>
  <controlfield tag="005">20240201183848.0</controlfield>
  <controlfield tag="008">021025s1997                        spa  </controlfield>
  <datafield tag="035" ind1=" " ind2=" ">
    <subfield code="a">782523</subfield>
  </datafield>
  <datafield tag="035" ind1=" " ind2=" ">
    <subfield code="a">(OCoLC)819995470</subfield>
  </datafield>
  <datafield tag="040" ind1=" " ind2=" ">
    <subfield code="c">comduadb</subfield>
  </datafield>
  <datafield tag="041" ind1=" " ind2=" ">
    <subfield code="a">spa</subfield>
  </datafield>
  <datafield tag="100" ind1="1" ind2="0">
    <subfield code="a">Granada B., Camilo Jos&#xE9;</subfield>
    <subfield code="4">aut</subfield>
    <subfield code="e">aut</subfield>
    <subfield code="9">428562</subfield>
  </datafield>
  <datafield tag="245" ind1="1" ind2="3">
    <subfield code="a">La criminalidad en Santafe de Bogota y propuestas para combatirla</subfield>
  </datafield>
  <datafield tag="260" ind1=" " ind2=" ">
    <subfield code="c">1997.</subfield>
  </datafield>
  <datafield tag="650" ind1=" " ind2="7">
    <subfield code="a">Seguridad ciudadana</subfield>
    <subfield code="2">lemb</subfield>
    <subfield code="9">50233</subfield>
  </datafield>
  <datafield tag="650" ind1=" " ind2="0">
    <subfield code="a">Inseguridad</subfield>
    <subfield code="9">64177</subfield>
  </datafield>
  <datafield tag="650" ind1=" " ind2="7">
    <subfield code="a">Violencia</subfield>
    <subfield code="2">embne</subfield>
    <subfield code="9">32770</subfield>
  </datafield>
  <datafield tag="650" ind1=" " ind2="0">
    <subfield code="a">Homicidio</subfield>
    <subfield code="9">13602</subfield>
  </datafield>
  <datafield tag="650" ind1=" " ind2=" ">
    <subfield code="a">Convivencia ciudadana - Medell&#xED;n (Antioquia)</subfield>
    <subfield code="9">68361</subfield>
  </datafield>
  <datafield tag="650" ind1=" " ind2=" ">
    <subfield code="a">Pol&#xED;ticas de seguridad</subfield>
    <subfield code="9">64178</subfield>
  </datafield>
  <datafield tag="650" ind1=" " ind2=" ">
    <subfield code="a">Bogot&#xE1; (Colombia)</subfield>
    <subfield code="9">29353</subfield>
  </datafield>
  <datafield tag="700" ind1="1" ind2="0">
    <subfield code="a">Camacho Guizado, &#xC1;lvaro, </subfield>
    <subfield code="d">1939-2011</subfield>
    <subfield code="4">aut</subfield>
    <subfield code="0">(isni)0000 0001 1036 8237</subfield>
    <subfield code="0">(viaf)7398813</subfield>
    <subfield code="e">aut</subfield>
    <subfield code="9">242052</subfield>
  </datafield>
  <datafield tag="700" ind1="1" ind2="0">
    <subfield code="a">Camargo B., Esperanza</subfield>
    <subfield code="4">aut</subfield>
    <subfield code="e">aut</subfield>
    <subfield code="9">429316</subfield>
  </datafield>
  <datafield tag="700" ind1="1" ind2="0">
    <subfield code="a">Campo G., Teodoro</subfield>
    <subfield code="4">aut</subfield>
    <subfield code="e">aut</subfield>
    <subfield code="9">424122</subfield>
  </datafield>
  <datafield tag="773" ind1="0" ind2=" ">
    <subfield code="t">Debates de Coyuntura Social (Bogot&#xE1;)</subfield>
    <subfield code="g">No. 08, Dic. 1997, p. 1-56</subfield>
    <subfield code="w">634970</subfield>
    <subfield code="x">0121-2540</subfield>
    <subfield code="0">170927</subfield>
  </datafield>
  <datafield tag="942" ind1=" " ind2=" ">
    <subfield code="c">ARIMP</subfield>
  </datafield>
  <datafield tag="999" ind1=" " ind2=" ">
    <subfield code="c">257138</subfield>
    <subfield code="d">257138</subfield>
  </datafield>
</record>
